For Dirk Struik (Record no. 520784)

MARC details
000 -LEADER
fixed length control field 00947nam a2200265Ia 4500
003 - CONTROL NUMBER IDENTIFIER
control field OSt
005 - DATE AND TIME OF LATEST TRANSACTION
control field 20220925192036.0
008 - FIXED-LENGTH DATA ELEMENTS--GENERAL INFORMATION
fixed length control field 220923b |||||||| |||| 00| 0 eng d
020 ## - INTERNATIONAL STANDARD BOOK NUMBER
International Standard Book Number 9027703930
037 ## - SOURCE OF ACQUISITION
Terms of availability General Book
040 ## - CATALOGING SOURCE
Original cataloging agency RTL
Transcribing agency RTL
Language of cataloging eng
041 ## - LANGUAGE CODE
Source of code eng
Language code of text/sound track or separate title eng
100 ## - MAIN ENTRY--PERSONAL NAME
Personal name Cohen R S Ed.
9 (RLIN) 48211
245 #0 - TITLE STATEMENT
Title For Dirk Struik
Remainder of title Scientific, historical and political essays in honor of Dirk J. Struik
260 ## - PUBLICATION, DISTRIBUTION, ETC.
Place of publication, distribution, etc. Boston
Name of publisher, distributor, etc. D Reidel Publishing Company
Date of publication, distribution, etc. 1974
300 ## - PHYSICAL DESCRIPTION
Extent 652p
Dimensions cm.
490 ## - SERIES STATEMENT
Series statement Synthese Library.Ed by Donald Davidson etc: 61). (Boston Studies in the Philosophy of Science.Ed by Robert S Coher and Marx W Wartofsky: 15
700 ## - ADDED ENTRY--PERSONAL NAME
Personal name Stachel J J Ed.
9 (RLIN) 243732
700 ## - ADDED ENTRY--PERSONAL NAME
Personal name Wartofsky M W Ed.
9 (RLIN) 48212
942 ## - ADDED ENTRY ELEMENTS (KOHA)
Classification part BjM94, L4
Koha item type General Books
Source of classification or shelving scheme Colon Classification (CC)

No items available.

Copyright @ Delhi University Library System